[Event "Druzynowe Mistrzostwa Polski Juniorow - I Liga 2023"]
[Site "Lublin"]
[Date "1899-12-30"]
[Round "7.19"]
[White "Sidorczuk, Pawel"]
[Black "Wydmanski, Szymon"]
[Result "1-0"]
[WhiteTitle "I+"]
[BlackTitle "I"]
[WhiteElo "2013"]
[BlackElo "1804"]

1. e4 c5 2. Nf3 Nc6 3. d4 cxd4 4. Nxd4 e5 5. Nb5 d6 6. c4 Be6 7. Be3 g6 8. N1c3
a6 9. Na3 f5 10. Nd5 Bxd5 11. cxd5 f4 12. Bd2 Nd4 13. Nc2 Qb6 14. Nxd4 Qxd4 15.
Qc2 Nf6 16. Bd3 Bg7 17. Bc3 Qb6 18. Qa4+ Ke7 19. Ba5 Qd4 20. Qxd4 exd4 21. f3
Nd7 22. Ke2 g5 23. Bd2 Ne5 24. Rac1 Kd7 25. b4 b5 26. a4 Rac8 27. axb5 Nxd3 28.
Kxd3 axb5 29. Rxc8 Rxc8 30. Ra1 Rc7 31. Ra5 Rb7 32. Be1 Bf6 33. g3 h6 34. gxf4
gxf4 35. Ra8 h5 36. h3 Ke7 37. Ra6 Kd7 38. Bd2 Be5 39. Ra5 Ke7 40. Be1 Kd7 41.
Ra8 Ke7 42. Bh4+ Kf7 43. Bd8 Kg6 44. h4 Kh7 45. Rc8 Kh6 46. Rc6 Ra7 47. Ba5 Rg7
48. Bc7 Rg3 49. Ke2 Rg2+ 50. Ke1 Rg6 51. Bd8 Rg1+ 52. Ke2 Rg2+ 53. Kf1 d3 54.
Ke1 Rg3 55. Be7 Rxf3 56. Bxd6 Bxd6 57. Rxd6+ Kg7 58. Re6 Kf7 59. Kd2 Re3 60. Re5
Rh3 61. d6 Rg3 62. d7 Rg8 63. Rd5 Ke7 64. Kxd3 Rd8 65. Ke2 1-0

[Event "Druzynowe Mistrzostwa Polski Juniorow - I Liga 2023"]
[Site "Lublin"]
[Date "1899-12-30"]
[Round "7.20"]
[White "Krupinski, Mikolaj"]
[Black "Smetek, Michal"]
[Result "1-0"]
[WhiteTitle "I"]
[BlackTitle "I++"]
[WhiteElo "1745"]
[BlackElo "1956"]

1. f4 d5 2. Nf3 c5 3. g3 Nc6 4. Bg2 Bg4 5. O-O Bxf3 6. Bxf3 e5 7. c4 d4 8. fxe5
Nge7 9. Qa4 Qd7 10. d3 Ng6 11. Bxc6 bxc6 12. Bf4 Be7 13. Nd2 O-O 14. Rf3 Qe6 15.
Ne4 Rfb8 16. b3 a5 17. Raf1 Rb4 18. Qa3 a4 19. Bd2 Nxe5 20. Rf5 g6 21. Rf6 Bxf6
22. Nxf6+ Kg7 23. Bxb4 cxb4 24. Qxb4 axb3 25. axb3 Nd7 26. Nxd7 Qxd7 27. Qc5 Re8
28. Rf2 f6 29. b4 Re5 30. Qb6 Qe6 31. Qa7+ Kh6 32. Qxd4 Rxe2 33. Qxf6 Qe8 34.
Qf8+ Qxf8 35. Rxf8 Rb2 36. Rc8 Rxb4 37. Rxc6 Rb2 38. Rf6 Rd2 39. Rf3 Kg5 40. h3
h5 41. Kf1 h4 42. g4 Rh2 43. Ke1 Rg2 44. Kd1 Ra2 45. c5 Ra5 46. d4 Ra4 47. Rd3
Kf4 48. d5 Ke4 49. Rd2 Ke3 50. Kc1 Ra1+ 51. Kb2 Ra8 52. Rc2 Kd4 53. d6 Kd5 54.
g5 Kc6 55. Kb3 Rf8 56. Rc3 Rf5 57. Rd3 Rf7 58. d7 1-0

[Event "Druzynowe Mistrzostwa Polski Juniorow - I Liga 2023"]
[Site "Lublin"]
[Date "1899-12-30"]
[Round "7.21"]
[White "Kalinowski, Rafal"]
[Black "Kania, Franciszek"]
[Result "0-1"]
[WhiteTitle "II"]
[BlackTitle "I"]
[WhiteElo "1267"]
[BlackElo "1831"]

1. d4 Nf6 2. Nf3 g6 3. Bg5 Bg7 4. e3 d6 5. Bd3 O-O 6. O-O h6 7. Bh4 g5 8. Bg3 Nh5
9. c3 Nxg3 10. hxg3 f5 11. Qe2 e5 12. dxe5 dxe5 13. e4 f4 14. gxf4 exf4 15. Bc4+
Kh8 16. Rd1 Qe7 17. Nd4 Re8 18. Nd2 c5 19. N4b3 Nd7 20. Nf3 g4 21. Ne1 Ne5 22.
Bd5 Rf8 23. Nd3 Qh4 24. Nd2 f3 25. Qe3 Nxd3 26. Qxd3 fxg2 27. Kxg2 Rxf2+ 28. Kg1
Qh2# 0-1

[Event "Druzynowe Mistrzostwa Polski Juniorow - I Liga 2023"]
[Site "Lublin"]
[Date "1899-12-30"]
[Round "7.22"]
[White "Gruca, Karol"]
[Black "Iwan, Patryk"]
[Result "1-0"]
[WhiteTitle "II+"]
[BlackTitle "II"]
[WhiteElo "1484"]
[BlackElo "1247"]

1. f4 d5 2. Nf3 Nf6 3. g3 Bf5 4. Bg2 e6 5. O-O c6 6. b3 Nbd7 7. Bb2 Be7 8. Nc3
h6 9. e3 O-O 10. Ne2 Bh7 11. h3 Qb6 12. g4 Ne4 13. Rc1 f5 14. Qe1 fxg4 15. hxg4
Bd6 16. Kh1 Qc7 17. d3 Nef6 18. Bh3 e5 19. g5 hxg5 20. Nxg5 Rfe8 21. Ne6 Qb6 22.
Qg3 Bf8 23. fxe5 Nh5 24. Qf3 Bg6 25. N6f4 Nxe5 26. Bxe5 Rxe5 27. Nxg6 Rxe3 28.
Qf7+ Kh7 29. Nxf8+ Rxf8 30. Bf5+ 1-0

[Event "Druzynowe Mistrzostwa Polski Juniorow - I Liga 2023"]
[Site "Lublin"]
[Date "1899-12-30"]
[Round "7.23"]
[White "Malicka, Magdalena"]
[Black "Bar, Klaudia"]
[Result "1/2-1/2"]
[WhiteTitle "I++"]
[BlackTitle "I++"]
[WhiteElo "1260"]
[BlackElo "1840"]

1. e4 c5 2. Nf3 Nc6 3. c3 d5 4. exd5 Qxd5 5. d4 Bf5 6. Be3 Nf6 7. Na3 cxd4 8. Bc4
Qa5 9. Nxd4 Nxd4 10. Bxd4 e5 11. Bb5+ Bd7 12. Bxd7+ Nxd7 13. Nc4 Qc7 14. Qe2 f6
15. O-O Be7 16. Rfe1 O-O 17. Be3 Rac8 18. Rad1 Rfd8 19. Nd2 b6 20. Qg4 Nf8 21.
f4 exf4 22. Bxf4 Bc5+ 23. Kh1 Qd7 24. Qxd7 Rxd7 25. Ne4 Kf7 26. Nxc5 Rxc5 27.
Bd6 Rf5 28. Bxf8 Rxd1 29. Rxd1 Kxf8 30. Kg1 Ke7 31. g4 Rg5 32. Rd4 h5 33. h3 f5
34. Ra4 a5 35. Kf2 fxg4 36. hxg4 hxg4 37. Rd4 g3+ 38. Kg2 Ke6 39. a4 Rd5 40. Rg4
g5 41. b4 Kf5 42. Rxg3 Rd2+ 43. Kf1 axb4 44. cxb4 Ra2 45. a5 bxa5 46. bxa5 Rxa5
47. Rb3 Ra2 48. Kg1 Kg4 49. Rc3 Kh4 50. Rb3 g4 51. Rc3 Ra4 52. Kg2 g3 53. Rc8
Ra2+ 54. Kg1 Kh3 55. Rh8+ Kg4 1/2-1/2

[Event "Druzynowe Mistrzostwa Polski Juniorow - I Liga 2023"]
[Site "Lublin"]
[Date "1899-12-30"]
[Round "7.24"]
[White "Branka, Julia"]
[Black "Dabrowska, Ewa"]
[Result "1-0"]
[WhiteTitle "I"]
[BlackTitle "I"]
[WhiteElo "1433"]
[BlackElo "1185"]

1. f4 d5 2. Nf3 Nc6 3. g3 g6 4. Bg2 Bg7 5. O-O Nf6 6. d3 O-O 7. c3 Re8 8. Nbd2
d4 9. Nc4 Nd7 10. Bd2 Nb6 11. Na3 a6 12. e4 e5 13. f5 gxf5 14. exf5 Bxf5 15. Ng5
Bg6 16. Qg4 Qd7 17. Qh4 Re7 18. Be4 Bxe4 19. Nxe4 Qe6 20. Bg5 Ree8 21. Nf6+ Bxf6
22. Bxf6 Ne7 23. Qh6 Qg4 24. Bxe5 dxc3 25. Qf6 1-0

[Event "Druzynowe Mistrzostwa Polski Juniorow - I Liga 2023"]
[Site "Lublin"]
[Date "1899-12-30"]
[Round "7.25"]
[White "Maciaszek, Karol"]
[Black "Gradalski, Olaf"]
[Result "1/2-1/2"]
[WhiteTitle "I"]
[BlackTitle "k"]
[WhiteElo "1731"]
[BlackElo "2061"]

1. d4 d5 2. Bf4 c5 3. e3 cxd4 4. exd4 Nc6 5. c3 Bf5 6. Nf3 e6 7. Nbd2 Bd6 8. Bxd6
Qxd6 9. Bb5 Nge7 10. O-O O-O 11. Nh4 a6 12. Nxf5 Nxf5 13. Bd3 Nfe7 14. Re1 b5
15. a3 Ng6 16. Nf3 Qf4 17. Re3 Na5 18. Ne5 Nxe5 19. Rxe5 Nc4 20. Re2 Rab8 21.
g3 Qf6 22. Qc2 g6 23. a4 Rfc8 24. axb5 axb5 25. b4 Rc7 26. Bxc4 Rxc4 27. Qd3 Rbc8
28. Ra3 Qd8 29. Rea2 Qg5 30. Kg2 e5 31. Ra8 Rxa8 32. Rxa8+ Kg7 33. dxe5 Qxe5 34.
Rd8 Qe4+ 35. Qxe4 dxe4 36. Rd5 Rxc3 37. Rxb5 Rb3 38. Rb7 Rb2 39. Kg1 Kf6 40. b5
Ke6 41. b6 h5 42. h4 f6 43. Rb8 Kf5 44. b7 Rb6 45. Kg2 Rb1 46. Kh2 Rb2 47. Kg1
Rb1+ 1/2-1/2

[Event "Druzynowe Mistrzostwa Polski Juniorow - I Liga 2023"]
[Site "Lublin"]
[Date "1899-12-30"]
[Round "7.26"]
[White "Sputowski, Jakub"]
[Black "Rajlich, Vaclav"]
[Result "1-0"]
[WhiteTitle "I"]
[BlackTitle "I"]
[WhiteElo "1780"]
[BlackElo "1572"]

1. e4 c5 2. Nf3 Nc6 3. d4 cxd4 4. Nxd4 g6 5. Nc3 Bg7 6. Be3 Nf6 7. Nxc6 bxc6 8.
e5 Ng8 9. Bd4 Qa5 10. f4 Nh6 11. e6 f6 12. exd7+ Bxd7 13. Bc4 Nf5 14. Bf2 Qb4
15. Qd3 Rd8 16. O-O-O Nd6 17. Bb3 Qxf4+ 18. Be3 Qf5 19. Qd2 Nf7 20. Qe2 Qa5 21.
Qc4 Ne5 22. Qc5 Qxc5 23. Bxc5 a6 24. Na4 h5 25. h3 g5 26. Rhf1 g4 27. Bb6 Rc8
28. h4 g3 29. Nc5 Bg4 30. Rd4 Nd7 31. Nxd7 Bxd7 32. Rfd1 Bh6+ 33. Kb1 Be3 34.
Rxd7 Bxb6 35. Be6 Rd8 36. Rxd8+ Bxd8 37. Rd3 Bc7 38. Rc3 Kf8 39. Rxc6 Bd6 40.
c4 Kg7 41. c5 Be5 42. Rxa6 Rf8 43. Bf5 Rd8 44. Ra7 Rd2 45. Rxe7+ Kf8 46. Rxe5
fxe5 47. c6 Rxg2 48. c7 Rg1+ 49. Kc2 g2 50. c8=Q+ Kg7 51. Qd7+ Kf8 52. Qd6+ Kf7
53. Bg6+ Kg7 54. Qxe5+ Kxg6 55. Qg5+ Kh7 56. Qxh5+ Kg8 57. Qg4+ Kh7 58. Qf5+ Kh6
59. Qf2 1-0

[Event "Druzynowe Mistrzostwa Polski Juniorow - I Liga 2023"]
[Site "Lublin"]
[Date "1899-12-30"]
[Round "7.27"]
[White "Kisiel, Dominik"]
[Black "Liskiewicz, Jakub"]
[Result "0-1"]
[WhiteTitle "II"]
[BlackTitle "I++"]
[WhiteElo "1343"]
[BlackElo "1970"]

1. c4 e6 2. e4 d5 3. exd5 exd5 4. d4 Nf6 5. Nf3 Bb4+ 6. Nc3 O-O 7. Be2 dxc4 8.
Bxc4 Bg4 9. Be3 Nd5 10. Rc1 Nxe3 11. fxe3 Nd7 12. O-O c6 13. e4 Qb6 14. Qd2 Bxf3
15. gxf3 Ne5 16. Bb3 Rad8 17. Rcd1 Rxd4 18. Qe3 Rxd1 19. Qxb6 Rxf1+ 20. Kxf1 axb6
21. Ke2 Bxc3 22. bxc3 g5 23. h3 Rd8 24. Bc2 Rd6 25. Ke3 Rh6 26. Bd1 Rxh3 27. a4
c5 28. Kf2 Rh1 29. Be2 Rc1 30. c4 Rc2 31. Ke3 Rxe2+ 32. Kxe2 h5 33. Kf2 h4 34.
Kg2 Nxc4 35. Kh3 Ne3 36. f4 gxf4 37. Kxh4 f6 38. Kh3 c4 39. Kh2 c3 40. e5 c2 41.
exf6 c1=Q 42. f7+ Kf8 43. a5 bxa5 44. Kh3 Qh1# 0-1

[Event "Druzynowe Mistrzostwa Polski Juniorow - I Liga 2023"]
[Site "Lublin"]
[Date "1899-12-30"]
[Round "7.28"]
[White "Przybylski, Jan"]
[Black "Bombinski, Michal"]
[Result "1-0"]
[WhiteTitle "I+"]
[BlackTitle "II"]
[WhiteElo "1767"]
[BlackElo "1248"]

1. e4 c5 2. Nf3 d6 3. d4 cxd4 4. Nxd4 Nf6 5. Nc3 g6 6. Be3 Bg7 7. f3 O-O 8. Bc4
Nc6 9. Qd2 Bd7 10. h4 h5 11. O-O-O Ne5 12. Bb3 a5 13. a4 Rc8 14. Kb1 Nc4 15. Bxc4
Rxc4 16. b3 Rc8 17. Ncb5 Bxb5 18. Nxb5 Qd7 19. Qxa5 Rc6 20. Qd2 Ra6 21. Bh6 Rfa8
22. Bxg7 Kxg7 23. Qd4 Kh7 24. Rhe1 Ne8 25. Qc4 Kg7 26. e5 Rc8 27. Qd4 Kh7 28.
Qf4 Kg7 29. exd6 Nxd6 30. Qe5+ Kg8 31. Rd3 Qf5 32. Nxd6 Qxe5 33. Rxe5 exd6 34.
Re7 Rb6 35. Rd7 Rcc6 36. Re3 Rc5 37. Ree7 Rbc6 38. c4 Re5 39. Rxe5 dxe5 40. Rxb7
f5 41. a5 Kf8 42. Rb6 Rc5 43. Rxg6 Kf7 44. Rb6 Rxa5 45. Rb5 Rxb5 46. cxb5 Ke6
47. Kc2 Kd5 48. Kd3 Kc5 49. b6 Kxb6 50. Kc4 Kc6 51. b4 e4 52. fxe4 fxe4 53. Kd4
e3 54. Kxe3 Kb5 55. Kf4 Kxb4 56. Kg5 1-0

[Event "Druzynowe Mistrzostwa Polski Juniorow - I Liga 2023"]
[Site "Lublin"]
[Date "1899-12-30"]
[Round "7.29"]
[White "Kicinska, Magdalena"]
[Black "Mroz, Lena"]
[Result "0-1"]
[WhiteTitle "I++"]
[BlackTitle "I++"]
[WhiteElo "1562"]
[BlackElo "1691"]

1. d4 d5 2. Nf3 e6 3. c4 c6 4. g3 dxc4 5. Bg2 b5 6. Ne5 Bb7 7. a4 a6 8. Nc3 Nf6
9. O-O Qc8 10. b3 b4 11. Ne4 Nxe4 12. Bxe4 c3 13. Qd3 Nd7 14. Bxh7 Nxe5 15. dxe5
Qc7 16. Be4 c5 17. Rd1 Be7 18. Qf3 Bxe4 19. Qxe4 Rc8 20. Qc4 Qc6 21. Be3 f6 22.
exf6 gxf6 23. f4 f5 24. h4 Bxh4 25. gxh4 Rg8+ 26. Kf2 Qg2+ 27. Ke1 Qh1+ 0-1

[Event "Druzynowe Mistrzostwa Polski Juniorow - I Liga 2023"]
[Site "Lublin"]
[Date "1899-12-30"]
[Round "7.30"]
[White "Lajdamik, Kinga"]
[Black "Kicinska, Anna"]
[Result "1-0"]
[WhiteTitle "I++"]
[BlackTitle "I++"]
[WhiteElo "1440"]
[BlackElo "1424"]

1. e4 Nf6 2. e5 Nd5 3. c4 Nb6 4. d4 d6 5. exd6 cxd6 6. Nc3 g6 7. Be3 Bg7 8. h3
Nc6 9. Nf3 O-O 10. Qd2 Re8 11. Bh6 Bh8 12. Be2 a6 13. b3 e5 14. d5 Ne7 15. g4
Nd7 16. Ne4 Nf6 17. Nfg5 Nxe4 18. Nxe4 f5 19. Nc3 f4 20. Ne4 b6 21. Qb4 Qc7 22.
Nxd6 Rd8 23. Ne4 Qb7 24. Bg5 Rd7 25. Bf3 Ra7 26. Rd1 Bg7 27. Bxe7 Rxe7 28. d6
Rd7 29. Nf6+ Bxf6 30. Bxb7 Bxb7 31. O-O Bf3 32. Rd2 Rab7 33. Qc3 Bc6 34. b4 Kg7
35. g5 Bxg5 36. b5 axb5 37. cxb5 Bg2 38. Kxg2 f3+ 39. Kxf3 Rf7+ 40. Kg2 Bxd2 41.
Qxd2 Rbd7 42. Qd5 Rf6 43. Rd1 e4 44. Qxe4 Kf7 45. Qc6 Ke8 46. Re1+ 1-0

[Event "Druzynowe Mistrzostwa Polski Juniorow - I Liga 2023"]
[Site "Lublin"]
[Date "1899-12-30"]
[Round "7.31"]
[White "Jaskiewicz, Kacper"]
[Black "Stypka, Sebastian"]
[Result "1/2-1/2"]
[WhiteTitle "I+"]
[BlackTitle "II"]
[WhiteElo "2006"]
[BlackElo "1447"]

1. e4 e5 2. Nf3 Nf6 3. d4 Nxe4 4. dxe5 d5 5. exd6 Nxd6 6. Bd3 Nc6 7. Nc3 Be7 8.
O-O Be6 9. Re1 O-O 10. a3 Bf6 11. Bf4 Re8 12. h3 a6 13. Re2 g6 14. Qe1 Nd4 15.
Nxd4 Bxd4 16. Rd1 Qf6 17. Bxd6 Bxc3 18. Be5 Bxe5 19. Rxe5 Bd7 20. Rxe8+ Rxe8 21.
Qa5 Bc6 22. Qxc7 Qxb2 23. Bc4 Qf6 24. Qg3 Qe5 25. Qxe5 Rxe5 26. Rd6 Bb5 27. Bxb5
Rxb5 28. Rd7 Rb2 29. Rc7 Ra2 30. Rxb7 Rxa3 31. c4 Rc3 32. Ra7 Rxc4 33. Rxa6 Kg7
34. g3 h5 35. Kg2 Rc3 36. Ra4 Kh6 37. Re4 Rb3 38. Re2 Rc3 39. Re4 Rb3 40. Kf1
Rb2 41. Re3 Rc2 42. Kg2 Kg7 43. Kf3 Kf6 44. Rb3 Rc6 45. Ke4 Re6+ 46. Kf4 Rc6 47.
Rb4 g5+ 48. Kf3 Rc3+ 49. Ke4 Rc6 50. h4 gxh4 51. gxh4 Kg6 52. Rd4 Re6+ 53. Kf4
Rf6+ 54. Kg3 Rc6 55. Rd5 f6 56. Rd8 Rc4 57. f3 Rb4 58. Re8 Rc4 1/2-1/2

[Event "Druzynowe Mistrzostwa Polski Juniorow - I Liga 2023"]
[Site "Lublin"]
[Date "1899-12-30"]
[Round "7.32"]
[White "Walaszczyk, Mikolaj"]
[Black "Rylski, Tadeusz"]
[Result "0-1"]
[WhiteTitle "II"]
[BlackTitle "I+"]
[WhiteElo "1476"]
[BlackElo "1757"]

1. d4 d5 2. Nf3 Nf6 3. Bf4 c5 4. e3 Nc6 5. c3 Qb6 6. Qb3 c4 7. Qxb6 axb6 8. Nbd2
b5 9. a3 b4 10. Be2 bxc3 11. bxc3 e6 12. O-O Rxa3 13. Ne5 Nxe5 14. dxe5 Nd7 15.
Rxa3 Bxa3 16. e4 Nc5 17. exd5 exd5 18. Bf3 Nd3 19. Bg3 Bc1 20. Nb1 Be6 21. Be2
Bb2 22. Bxd3 cxd3 23. Rd1 Bf5 24. Bf4 Ke7 25. Bc1 Bxc1 26. Rxc1 Ra8 27. Nd2 Ra2
28. Rd1 Bd7 29. Nb1 Ba4 30. Rd2 Ra1 0-1

[Event "Druzynowe Mistrzostwa Polski Juniorow - I Liga 2023"]
[Site "Lublin"]
[Date "1899-12-30"]
[Round "7.33"]
[White "Terkiewicz, Bruno"]
[Black "Zmarzly, Wiktor"]
[Result "1-0"]
[WhiteTitle "I++"]
[BlackTitle "I+"]
[WhiteElo "1873"]
[BlackElo "1818"]

1. d4 d5 2. c4 dxc4 3. e3 e5 4. Bxc4 Nc6 5. Qb3 Bb4+ 6. Bd2 Bxd2+ 7. Nxd2 exd4
8. Bxf7+ Kf8 9. Bxg8 Rxg8 10. Ngf3 Qd6 11. O-O Be6 12. Qxb7 Rb8 13. Qa6 Rxb2 14.
Ne4 Qd5 15. Qa3+ Rb4 16. Nxd4 Kf7 17. Nc3 Qa5 18. Qxa5 Nxa5 19. Rab1 Rgb8 20.
Ncb5 Rxb1 21. Rxb1 Rb7 22. Nxe6 Kxe6 23. Nd4+ Kd5 24. Rxb7 Nxb7 25. Nb5 c5 26.
Nxa7 Nd6 27. Kf1 c4 28. Ke2 Kc5 29. a4 Kb4 30. Nb5 Ne4 31. f3 Nc5 32. Kd2 Kxa4
33. Nd4 Kb4 34. e4 Nd3 35. g3 g5 36. Ne6 Kb3 37. Nd4+ Kb2 38. Ke3 Nc5 39. e5 c3
40. f4 gxf4+ 41. gxf4 Ne6 42. Ne2 Ng7 43. Ke4 Kc2 44. f5 Kd2 45. Nxc3 Kxc3 46.
e6 Kc4 47. Ke5 Kc5 48. f6 Nh5 49. f7 1-0

[Event "Druzynowe Mistrzostwa Polski Juniorow - I Liga 2023"]
[Site "Lublin"]
[Date "1899-12-30"]
[Round "7.34"]
[White "Staniczek, Kacper"]
[Black "Rutkowski, Feliks"]
[Result "1/2-1/2"]
[WhiteTitle "I"]
[BlackTitle "II"]
[WhiteElo "1398"]
[BlackElo "1431"]

1. e4 c5 2. Nf3 e6 3. d4 cxd4 4. Nxd4 Nc6 5. Nb5 d6 6. Bf4 e5 7. Be3 a6 8. N5c3
Nf6 9. Bg5 Be7 10. Bxf6 Bxf6 11. Nd5 Be6 12. Nbc3 Ne7 13. Nxf6+ gxf6 14. Qd3 Nc6
15. O-O-O Nd4 16. Ne2 Nxe2+ 17. Bxe2 Ke7 18. f4 Rg8 19. fxe5 fxe5 20. Qf3 Rg6
21. g3 Rc8 22. Kb1 Qc7 23. Rc1 b5 24. Rhf1 Qa5 25. b3 Qc3 26. Qxc3 Rxc3 27. Bd3
Rg8 28. Kb2 Rgc8 29. Rf2 R3c5 30. Rcf1 Rg8 31. Be2 Rg7 32. Rf6 Rg6 33. Rxg6 fxg6
34. a4 bxa4 35. Bxa6 axb3 36. cxb3 Rc6 37. Bd3 Rb6 38. Bc2 d5 39. exd5 Bxd5 40.
Re1 Kd6 41. h4 Rb7 42. Re3 Rf7 43. b4 Rf3 44. Rxf3 Bxf3 45. Kc3 Kd5 46. b5 Kc5
47. Bd3 e4 48. Bf1 h6 49. Kd2 1/2-1/2

[Event "Druzynowe Mistrzostwa Polski Juniorow - I Liga 2023"]
[Site "Lublin"]
[Date "1899-12-30"]
[Round "7.35"]
[White "Lukasik, Zuzanna"]
[Black "Lach, Alicja"]
[Result "1-0"]
[WhiteTitle "I++"]
[BlackTitle "I"]
[WhiteElo "1712"]
[BlackElo "1164"]

1. e4 c5 2. Nf3 Nc6 3. d4 cxd4 4. Nxd4 g6 5. c4 Bg7 6. Be3 Nf6 7. Nc3 O-O 8. Be2
d6 9. O-O Bd7 10. Qd2 Nxd4 11. Bxd4 Bc6 12. f3 Nd7 13. Be3 a5 14. b3 Nc5 15. Rab1
Be5 16. Bh6 Re8 17. Kh1 e6 18. g3 Bg7 19. Bxg7 Kxg7 20. Rfd1 Qf6 21. Kg2 Rad8
22. Qe3 Qe7 23. a3 e5 24. b4 axb4 25. axb4 Ne6 26. b5 Bd7 27. Nd5 Qg5 28. Qxg5
Nxg5 29. Nb6 f5 30. Rxd6 Be6 31. Rxd8 Rxd8 32. exf5 Bxf5 33. Rd1 Rf8 34. h4 Nf7
35. Kf2 Re8 36. g4 Be6 37. Ke3 g5 38. h5 Nd8 39. Bd3 Bf7 40. Be4 Be6 41. c5 Bb3
42. Rd7+ 1-0

[Event "Druzynowe Mistrzostwa Polski Juniorow - I Liga 2023"]
[Site "Lublin"]
[Date "1899-12-30"]
[Round "7.36"]
[White "Moczala, Maja"]
[Black "Siekanska, Zofia"]
[Result "1-0"]
[WhiteTitle "I++"]
[BlackTitle "II"]
[WhiteElo "1651"]
[BlackElo "1081"]

1. e4 e5 2. Nf3 Nc6 3. Nc3 Nf6 4. d4 exd4 5. Nxd4 Nxe4 6. Nxe4 Qe7 7. f3 Nxd4 8.
Qxd4 f5 9. Bg5 Qe6 10. Bc4 Qg6 11. Qe5+ 1-0

[Event "Druzynowe Mistrzostwa Polski Juniorow - I Liga 2023"]
[Site "Lublin"]
[Date "1899-12-30"]
[Round "7.37"]
[White "Malik, Maciej"]
[Black "Kubik, Rafal"]
[Result "1/2-1/2"]
[WhiteTitle "k"]
[BlackTitle "I++"]
[WhiteElo "2045"]
[BlackElo "2055"]

1. e4 c5 2. d4 cxd4 3. c3 dxc3 4. Nxc3 Nc6 5. Bc4 e6 6. Nf3 Bb4 7. O-O Nge7 8.
Bg5 O-O 9. Qe2 h6 10. Be3 Bxc3 11. bxc3 d5 12. Rfd1 Qa5 13. Bd3 Qxc3 14. Rac1
Qf6 15. Bc5 dxe4 16. Qxe4 g6 17. Qe3 Kh7 18. Be4 Re8 19. Nd4 Nxd4 20. Bxd4 e5
21. Bxa7 Qa6 22. Bc5 Qxa2 23. Qc3 Qa4 24. Ra1 Qxe4 25. Rxa8 b6 26. Bxe7 Qxa8 27.
Qxe5 Qb7 28. Re1 Be6 29. Bb4 Bh3 30. Qg3 Rxe1+ 31. Bxe1 Qe7 32. Bc3 Bf5 33. Qb8
f6 34. Qxb6 Qe6 35. Qxe6 Bxe6 36. Bxf6 h5 37. h4 Kg8 38. Kh2 Kf7 1/2-1/2

[Event "Druzynowe Mistrzostwa Polski Juniorow - I Liga 2023"]
[Site "Lublin"]
[Date "1899-12-30"]
[Round "7.38"]
[White "Piechota, Kamil"]
[Black "Kotowicz, Kamil"]
[Result "0-1"]
[WhiteTitle "I"]
[BlackTitle "I"]
[WhiteElo "1685"]
[BlackElo "1814"]

1. e4 c6 2. d4 d5 3. exd5 cxd5 4. Bd3 Nc6 5. c3 Nf6 6. h3 g6 7. Nf3 Bf5 8. O-O
Bxd3 9. Qxd3 Bg7 10. Bf4 O-O 11. Nbd2 Rc8 12. Rfe1 Re8 13. Ne5 a6 14. Qe2 e6 15.
Ndf3 Nxe5 16. Nxe5 Qa5 17. Qf3 Ne4 18. Ng4 f5 19. Ne5 Qd8 20. Qe2 Bxe5 21. Bxe5
Qe7 22. f3 Nd6 23. Bf4 g5 24. Bh2 f4 25. g3 fxg3 26. Bxg3 Nf5 27. Be5 h6 28. Kh2
Kh7 29. Rg1 Rg8 30. Rg2 Qf7 31. Qd3 Rg6 32. Rag1 Nh4 33. Rg3 Rf8 34. f4 Qf5 35.
Qxf5 Rxf5 36. Rf1 Rg8 37. Rfg1 Rgf8 38. Kh1 Kg6 39. Bd6 Rd8 40. Be5 Kh5 41. fxg5
hxg5 42. Bc7 Rdf8 43. Bd6 R8f7 44. a3 Kh6 45. Re3 R5f6 46. Rge1 Rf1+ 47. Rxf1
Rxf1+ 48. Kh2 Rf6 49. Be7 Nf5 50. Rf3 Rf7 51. Bd8 Rd7 52. Bf6 Kg6 53. Be5 Rh7
54. Rf2 g4 55. Rf4 Rxh3+ 56. Kg2 Kg5 57. Bc7 Ne3+ 58. Kg1 Nd1 59. Rf8 Nxb2 60.
Bf4+ Kg6 61. Rb8 Rxc3 62. Rxb7 Nd3 63. Bd6 Rc6 64. Bb8 Ne1 65. Kf2 Nc2 0-1

[Event "Druzynowe Mistrzostwa Polski Juniorow - I Liga 2023"]
[Site "Lublin"]
[Date "1899-12-30"]
[Round "7.39"]
[White "Pycinski, Wladyslaw"]
[Black "Niesporek, Franciszek"]
[Result "1-0"]
[WhiteTitle "I"]
[BlackTitle "I"]
[WhiteElo "1927"]
[BlackElo "1644"]

1. Nf3 Nf6 2. c4 g6 3. d4 Bg7 4. g3 O-O 5. Bg2 c6 6. Nc3 d5 7. Qb3 Qb6 8. O-O Rd8
9. cxd5 cxd5 10. Qxb6 axb6 11. Bf4 Nbd7 12. h3 Ra6 13. e3 Nf8 14. g4 Ne6 15. Bh2
h5 16. Ne5 hxg4 17. hxg4 Ng5 18. f4 Nge4 19. g5 Nxc3 20. gxf6 exf6 21. bxc3 fxe5
22. fxe5 Ra3 23. Rfc1 Bf5 24. Bf4 Bd3 25. Kf2 Bc4 26. e4 Rxa2+ 27. Rxa2 Bxa2 28.
Ra1 Bc4 29. Ra7 dxe4 30. Bxe4 Rd7 31. Ke3 Kf8 32. Bg5 Kg8 33. Rxb7 Rxb7 34. Bxb7
Be6 35. Bc6 Bf5 36. Bd8 Kf8 37. Bxb6 f6 38. exf6 Bxf6 39. Bc7 Ke7 40. c4 Bd7 41.
Bxd7 Kxd7 42. Bg3 Kc6 43. d5+ Kc5 44. Kd3 Bb2 45. Bf2+ Kd6 46. Ke4 Ba3 47. c5+
Kd7 48. c6+ Kc8 49. Bg3 Be7 50. d6 Bd8 51. d7# 1-0

[Event "Druzynowe Mistrzostwa Polski Juniorow - I Liga 2023"]
[Site "Lublin"]
[Date "1899-12-30"]
[Round "7.40"]
[White "Karwot, Marek"]
[Black "Czeremcha, Piotr"]
[Result "1/2-1/2"]
[WhiteTitle "II+"]
[BlackTitle "II"]
[WhiteElo "1594"]
[BlackElo "1442"]

1. e4 c5 2. c3 d5 3. exd5 Qxd5 4. d4 e6 5. Nf3 Nf6 6. Na3 Nc6 7. Be3 cxd4 8. Nb5
Qd8 9. Nbxd4 Nxd4 10. Nxd4 Be7 11. Be2 Bd7 12. Bf3 O-O 13. Bf4 Nd5 14. Bxd5 exd5
15. O-O Bf6 16. Qd2 Qb6 17. Be3 Qc7 18. Nf3 Bc6 19. Bg5 Bxg5 20. Qxg5 h6 21. Qf5
Rfe8 22. Rfe1 Qd7 23. Rxe8+ Rxe8 24. Qxd7 Bxd7 25. Nd4 Kh7 26. f3 Kg6 27. Kf2
Kf6 28. Rd1 g5 29. Nb3 Bc6 30. Rd4 b6 31. a4 a5 32. g3 Re5 33. h4 Ke6 34. Nc1
Kd6 35. Nd3 Rf5 36. Ne1 Rf6 37. Nc2 Kc5 38. b4+ Kd6 39. b5 Bb7 40. Ne3 Kc5 41.
hxg5 hxg5 42. f4 gxf4 43. gxf4 Re6 44. Ng4 Re4 45. Rxe4 dxe4 46. Ne5 f6 47. Nd7+
Kc4 48. f5 Kxc3 49. Ke3 Bc8 50. Nxf6 Bxf5 51. Nd5+ Kc4 52. Nxb6+ Kc5 53. Na8 Bd7
54. Nc7 Bxb5 55. Nxb5 Kb4 56. Kxe4 Kxa4 57. Nc3+ Kb3 58. Kd3 a4 59. Nxa4 1/2-1/2

[Event "Druzynowe Mistrzostwa Polski Juniorow - I Liga 2023"]
[Site "Lublin"]
[Date "1899-12-30"]
[Round "7.41"]
[White "Tim, Anna"]
[Black "Bugaj, Hanna"]
[Result "1/2-1/2"]
[WhiteTitle "I"]
[BlackTitle "I++"]
[WhiteElo "1254"]
[BlackElo "1657"]

1. d4 d5 2. c4 c6 3. Nc3 e6 4. cxd5 exd5 5. Bf4 Nf6 6. e3 Bf5 7. Bd3 Bxd3 8. Qxd3
Bd6 9. Bxd6 Qxd6 10. Nge2 Nbd7 11. Ng3 g6 12. O-O O-O 13. Rfc1 Rfe8 14. Na4 h5
15. h3 h4 16. Nf1 Ne4 17. Nd2 Kh8 18. Nxe4 Rxe4 19. Nc5 Nxc5 20. dxc5 Qe7 21.
Qc3+ Kh7 22. b4 a6 23. a3 Rg8 24. Re1 Re8 25. Rad1 Qe5 26. Qxe5 R8xe5 27. Kf1
f5 28. Rd4 Kg7 29. Red1 Kf6 30. Rxe4 Rxe4 31. Ke2 Ke5 32. f4+ Kf6 33. Rd4 1/2-1/2

[Event "Druzynowe Mistrzostwa Polski Juniorow - I Liga 2023"]
[Site "Lublin"]
[Date "1899-12-30"]
[Round "7.42"]
[White "Rduch, Diana"]
[Black "Kochanowska, Patrycja"]
[Result "1/2-1/2"]
[WhiteTitle "I"]
[BlackTitle "I+"]
[WhiteElo "1129"]
[BlackElo "1454"]

1. e4 c5 2. c3 e6 3. d4 cxd4 4. cxd4 d5 5. e5 a6 6. Nf3 Nc6 7. a3 Nge7 8. Bd3 Nf5
9. Bxf5 exf5 10. O-O Be7 11. Nc3 O-O 12. Be3 f6 13. Qb3 Be6 14. Rfd1 Kh8 15. Rac1
Qd7 16. Qc2 Rac8 17. Qb1 Rc7 18. Na4 b5 19. Nc5 Bxc5 20. Rxc5 Qe7 21. Rdc1 Rfc8
22. b4 fxe5 23. Nxe5 Nxe5 24. dxe5 Qd7 25. Bd4 Qe7 26. R1c3 a5 27. Qc1 Rxc5 28.
Rxc5 Rxc5 29. Bxc5 Qc7 30. bxa5 Qxa5 31. Bb4 Qb6 32. Qc5 Qxc5 33. Bxc5 Kg8 34.
Kf1 Kf7 35. Ke2 Ke8 36. Kd3 Kd7 37. f4 g6 38. Kc3 Kc6 39. Kb4 Bd7 40. Bd4 Be6
41. Ka5 Bc8 42. h3 h6 43. h4 h5 44. Kb4 Be6 1/2-1/2

[Event "Druzynowe Mistrzostwa Polski Juniorow - I Liga 2023"]
[Site "Lublin"]
[Date "1899-12-30"]
[Round "7.43"]
[White "Lochinski, Pawel"]
[Black "Herwy, Jakub"]
[Result "1/2-1/2"]
[WhiteTitle "I"]
[BlackTitle "I++"]
[WhiteElo "1709"]
[BlackElo "1826"]

1. e4 d6 2. d4 Nf6 3. Nc3 c6 4. f4 Qa5 5. Bd3 e5 6. Nf3 exd4 7. Nxd4 g6 8. O-O
Bg7 9. Kh1 O-O 10. Qe1 Re8 11. Nf3 Nbd7 12. Bd2 Qc7 13. Qh4 b5 14. Rae1 b4 15.
Nd1 Bb7 16. Nf2 c5 17. c4 Bc6 18. Bc1 Qb7 19. Nd2 Re7 20. Re2 a5 21. b3 a4 22.
Bb1 axb3 23. axb3 Rae8 24. Rfe1 Nh5 25. Nf3 Bc3 26. Bd2 Ndf6 27. f5 Kh8 28. fxg6
fxg6 29. Bxc3 bxc3 30. Bc2 Kg7 31. Kg1 h6 32. Re3 Re6 33. Rxc3 Nxe4 34. Nxe4 Bxe4
35. Rce3 Nf6 36. Nd2 d5 37. cxd5 Bxd5 38. Rxe6 Rxe6 39. Rxe6 Bxe6 40. Qg3 Bf7
41. Nf3 Qd5 42. h3 Ne4 43. Qe5+ Qxe5 1/2-1/2